000 00780nas a2200253 4500
001 BR0303953
003 BR-BrBNA
005 20231205103939.0
007 ta
008 230509b bl.|||p| |||| 00| 00por d
040 _aBR-BrBNA
_bpor
_cBiblioteca Nacional de Agricultura
041 _a(Pt)
072 _aF07
100 1 _aLevien, R.
100 1 _aGamero, C.A.
100 1 _aFurlani, C.E.A.
245 1 _aPreparo convencional e reduzido em solo argiloso em diferentes condições de cobertura de inverno
650 _aMANEJO DO SOLO
650 _aCOBERTURA DO SOLO
650 _aGRADAGEM
773 0 _tEngenharia Agrícola (Brazil)
_xISSN 0100-6916
_g(May-Aug 2003), v. 23(2) p. 277-289
_wBR0303953
909 _a202311
_bLúcia
_c55
_dLúcia Elande
942 _2AGRIS
_n0
_cANA
999 _c175590
_d175590